000 00702nam a2200253 i 4500
001 C2-0084576
003 PPAK
005 20180727090041.0
008 970429s1983 enka|||| ||||| | eng d
020 _a0713712295
040 _aPPAK
_beng
_cPPAK
_erda
082 0 4 _a591.524
_223
090 0 0 _a591.524
_bPER
_dG
090 0 0 _a591.524
_bPER
_dR
100 1 _aPerry, Nicolette,
_eauthor
245 1 0 _aSymbiosis :
_bclose encounters of the natural kind
264 1 _aDorset :
_bBlandford Press ,
_c1983
300 _a128 pages :
_billustrations ;
_c24 cm
336 _2rdacontent
_atext
337 _2rdamedia
_aunmediated
338 _2rdacarrier
_avolume
650 1 0 _aSymbiosis
942 _ddc
_cB
999 _c16566
_d16566